000 01050cam a22003498a 4500
001 14716409
003 OSt
005 20161116180515.0
008 070126s2008 stk b 001 0 eng
010 _a 2007003628
020 _a9780702028779
020 _a0702028770
035 _a(DNLM)101298245
040 _aDNLM/DLC
_cDLC
_dDLC
042 _apcc
050 0 0 _aRC58
_b.S595 2008
060 1 0 _aWB 18.2
_bS648p 2008
082 0 0 _aWB 100 S51p 2008
_222
100 1 _aSmith, Geoff
_92437
245 1 0 _aPass Finals :
_ba companion to Kumar and Clark
250 _a2nd ed.
260 _aNew York;
_bSaunders,
_c2008.
263 _a0710
300 _aix, 604p. ;
_c26cm.
_bcol.ill
504 _aIncludes bibliographical references and index.
650 0 _aInternal medicine
_92438
650 1 2 _aMedicine MCQS
_92439
730 0 _aKumar & Clark clinical medicine.
_92442
856 4 1 _3Table of contents only
_uhttp://www.loc.gov/catdir/toc/ecip079/2007003628.html
906 _a7
_brix
_corignew
_d1
_eecip
_f20
_gy-gencatlg
942 _2z
_cSLOAN
999 _c907
_d907